000 00810cam a2200229 a 4500
001 000001883
005 20240513195941.0
008 720420s1971 ag b 001 0 spa
040 _aDO-SdBNP
_bspa
_cBNPHU
041 1 7 _aspa
_heng
082 _a003.5
_bT222c
100 1 _aTaube, Mortimer,
_d1910-1965.
_96150
240 1 0 _aThinking Machines.
_lEspañol
245 1 0 _aComputadoras y sentido común :
_bel mito de las máquinas pensantes /
_cMortimer Taube; traductor, Carlos Alberto Viñuales.
260 _aBuenos Aires :
_bGéminis,
_c1971.
300 _a172 p. ;
_c21 cm.
534 _aTítulo original:
_tThinking Machines.
504 _aIncluye referencias bibliográficas.
650 4 _aCibernética
_96151
650 0 _aInteligencia artificial
_96152
700 1 _aViñuales, Carlos Alberto,
_etrad.
_96153
999 _c1758
_d1758